• 首页
  • 本馆介绍
  • 公告通知
  • 最新文献
  • 馆藏检索
  • 电子资源
  • 读者导购
  • 参考咨询
  • 我的图书馆
  • 登录
  • 详细信息显示
  • 放入我的书架
  • 预约/预借图书
  • 作者相关作品
  • 分类相关作品
  • 丛书相关作品
  • 出版社相关作品

书目信息

  • 表格格式
  • 工作单格式
  • 卡片格式
题名:
晚清史研究
    
 
作者: 郑剑顺 著
分册:  
出版信息: 长沙   岳麓书社  2003
页数: 512页
开本: 21cm
丛书名: 南强史学丛书
单 册:
中图分类: K250.7
科图分类:
主题词: 中国--历史--1840~1949
电子资源:
ISBN: 7-80665-327-9
000 00812oam2 2200253 45
001 070025672170
005 20051229104357.15
010    @a7-80665-327-9@b精装@dCNY29.00
092    @aCN
100    @a20041119e2003 ekmy0chiy0120 ea
101 0  @achi
102    @aCN@b430000
105    @ay z 000yy
200 1  @a晚清史研究@Awan qing shi yan jiu@f郑剑顺著@FZheng Jian Shun Zhu
210    @a长沙@c岳麓书社@d2003
215    @a512页@d21cm
225 2  @a南强史学丛书
330    @a本书收入了四十三篇文章,都是论述晚清史问题或主要是论述晚清问题的,包括用情理透视晚清问题,晚清史研究的理论与现状问题、鸦片论议与鸦片战争问题等。
410    @12001 @a南强史学丛书
606 0  @a中国@x历史@z1840~1949
690    @aK250.7@v4
701  0 @a郑剑顺@4著
801  0 @aCN@bCXYBOOK@c20051229
905    @a10447@dK250.7@e131
    
    晚清史研究/郑剑顺著.-长沙:岳麓书社,2003
    512页;21cm.-(南强史学丛书)
    
    
    ISBN 7-80665-327-9(精装):CNY29.00
    本书收入了四十三篇文章,都是论述晚清史问题或主要是论述晚清问题的,包括用情理透视晚清问题,晚清史研究的理论与现状问题、鸦片论议与鸦片战争问题等。
●
相关链接 在E读中查询图书 在五车中查询图书 在当当中查询图书 在豆瓣中查询图书


正题名:晚清史研究     索取号:K250.7/131         预约/预借

序号 登录号 条形码 馆藏地/架位号 状态 备注
1 0356281   3562816   第二样本阅览室/ [索取号:K250.7/131] 在馆    
2 0373007   203730070   第二借阅区/ [索取号:K250.7/131] 在馆    
3 0373008   203730089   第二借阅区/ [索取号:K250.7/131] 在馆    
4 0373009   203730098   第二借阅区/ [索取号:K250.7/131] 在馆    
5 0373010   203730105   第二借阅区/ [索取号:K250.7/131] 在馆    
6 0373011   203730114   第二借阅区/ [索取号:K250.7/131] 在馆    
唐山师范学院图书馆 欢迎您!
大连网信软件有限公司© 版权所有